00279nam a2200109Ia 4500003000400000008004100004040001600045082001300061245003100074260005300105300001100158GCL140319s9999 xx 000 0 eng d aGCL / cGCL04a032bC C10aTHE CAMBRIDGE ENCYCLOPEDIA a[S.N] : bMacmillan Publishing Company ، c1991 a1418 P